<?xml version="1.0" encoding="UTF-8"?>
<record
    xmlns:xsi="http://www.w3.org/2001/XMLSchema-instance"
    xsi:schemaLocation="http://www.loc.gov/MARC21/slim http://www.loc.gov/standards/marcxml/schema/MARC21slim.xsd"
    xmlns="http://www.loc.gov/MARC21/slim">

  <leader>01237nam a22002537a 4500</leader>
  <controlfield tag="005">20250806162024.0</controlfield>
  <controlfield tag="008">220305b           ||||| |||| 00| 0 eng d</controlfield>
  <datafield tag="020" ind1=" " ind2=" ">
    <subfield code="a">9789385629754</subfield>
  </datafield>
  <datafield tag="040" ind1=" " ind2=" ">
    <subfield code="c">Aloy</subfield>
  </datafield>
  <datafield tag="041" ind1=" " ind2=" ">
    <subfield code="a">kan</subfield>
  </datafield>
  <datafield tag="082" ind1=" " ind2=" ">
    <subfield code="2">23</subfield>
    <subfield code="a">338.9K </subfield>
    <subfield code="b">GOWP</subfield>
  </datafield>
  <datafield tag="100" ind1=" " ind2=" ">
    <subfield code="a">H R Krishnaiah Gowda</subfield>
    <subfield code="9">234339</subfield>
  </datafield>
  <datafield tag="100" ind1=" " ind2=" ">
    <subfield code="9">22874</subfield>
    <subfield code="d">&#xC8E;&#xC9A;&#xCCD; &#xC86;&#xCB0;&#xCCD; &#xC95;&#xCC3;&#xCB7;&#xCCD;&#xCA3;&#xCAF;&#xCCD;&#xCAF;  &#xC97;&#xCCC;&#xCA1; </subfield>
  </datafield>
  <datafield tag="245" ind1=" " ind2=" ">
    <subfield code="a">Prowda Karnataka Arthikate : Advanced Karnataka Economy </subfield>
    <subfield code="b">: &#xCAA;&#xCCD;&#xCB0;&#xCCC;&#xCA2;  &#xC95;&#xCB0;&#xCCD;&#xCA8;&#xCBE;&#xC9F;&#xC95;  &#xC86;&#xCB0;&#xCCD;&#xCA5;&#xCBF;&#xC95;&#xCA4;&#xCC6; Ed 2</subfield>
  </datafield>
  <datafield tag="250" ind1=" " ind2=" ">
    <subfield code="a">2</subfield>
  </datafield>
  <datafield tag="260" ind1=" " ind2=" ">
    <subfield code="a">Maisuru</subfield>
    <subfield code="b">Maisuru Book House</subfield>
    <subfield code="c">2019</subfield>
  </datafield>
  <datafield tag="300" ind1=" " ind2=" ">
    <subfield code="a">L,894p</subfield>
    <subfield code="b">PB</subfield>
    <subfield code="c">21x13cm</subfield>
  </datafield>
  <datafield tag="365" ind1=" " ind2=" ">
    <subfield code="2">Political Science</subfield>
    <subfield code="a">6190</subfield>
    <subfield code="b">380.00</subfield>
    <subfield code="c">&#x20B9;</subfield>
    <subfield code="d">475.00</subfield>
    <subfield code="e">20%</subfield>
    <subfield code="f">01-03-2022</subfield>
  </datafield>
  <datafield tag="650" ind1=" " ind2=" ">
    <subfield code="a">Karnataka Arthavyvastheya Sthula Samikshe</subfield>
    <subfield code="9">22875</subfield>
    <subfield code="2">: &#xC95;&#xCB0;&#xCCD;&#xCA8;&#xCBE;&#xC9F;&#xC95; &#xC85;&#xCB0;&#xCCD;&#xCA5;&#xCB5;&#xCCD;&#xCAF;&#xCB5;&#xCB8;&#xCCD;&#xCA5;&#xCC6;&#xCAF; &#xCB8;&#xCCD;&#xCA5;&#xCC2;&#xCB2; &#xCB8;&#xCAE;&#xCC0;&#xC95;&#xCCD;&#xCB7;&#xCC6; </subfield>
  </datafield>
  <datafield tag="650" ind1=" " ind2=" ">
    <subfield code="a">Karnatakada Rajyadaya mattu Tala Adaya: &#xC95;&#xCB0;&#xCCD;&#xCA8;&#xCBE;&#xC9F;&#xC95;&#xCA6; &#xCB0;&#xCBE;&#xC9C;&#xCCD;&#xCAF;&#xCBE;&#xCA6;&#xCBE;&#xCAF; &#xCAE;&#xCA4;&#xCCD;&#xCA4;&#xCC1; &#xCA4;&#xCB2;&#xCBE;  &#xC86;&#xCA6;&#xCBE;&#xCAF; </subfield>
    <subfield code="9">22876</subfield>
  </datafield>
  <datafield tag="650" ind1=" " ind2=" ">
    <subfield code="a">Naisargika Sampanmulagalu:  &#xCA8;&#xCC8;&#xCB8;&#xCB0;&#xCCD;&#xC97;&#xCBF;&#xC95; &#xCB8;&#xC82;&#xCAA;&#xCA8;&#xCCD;&#xCAE;&#xCC2;&#xCB2;&#xC97;&#xCB3;&#xCC1; </subfield>
    <subfield code="9">22877</subfield>
  </datafield>
  <datafield tag="700" ind1=" " ind2=" ">
    <subfield code="a">&#xC8E;&#xC9A;&#xCCD; &#xC86;&#xCB0;&#xCCD; &#xC95;&#xCC3;&#xCB7;&#xCCD;&#xCA3;&#xCAF;&#xCCD;&#xCAF; &#xC97;&#xCCC;&#xCA1; </subfield>
    <subfield code="9">22878</subfield>
  </datafield>
  <datafield tag="942" ind1=" " ind2=" ">
    <subfield code="2">ddc</subfield>
    <subfield code="c">BK</subfield>
  </datafield>
  <datafield tag="999" ind1=" " ind2=" ">
    <subfield code="c">221734</subfield>
    <subfield code="d">221734</subfield>
  </datafield>
  <datafield tag="952" ind1=" " ind2=" ">
    <subfield code="0">0</subfield>
    <subfield code="1">0</subfield>
    <subfield code="2">ddc</subfield>
    <subfield code="4">0</subfield>
    <subfield code="7">3</subfield>
    <subfield code="8">PS</subfield>
    <subfield code="a">AL</subfield>
    <subfield code="b">AL</subfield>
    <subfield code="c">RS</subfield>
    <subfield code="d">2022-03-02</subfield>
    <subfield code="e">Biblios Book Point, Surathkal, Mangalore-575014</subfield>
    <subfield code="g">380.00</subfield>
    <subfield code="l">1</subfield>
    <subfield code="o">338.9K GOWP</subfield>
    <subfield code="p">075565</subfield>
    <subfield code="r">2022-04-29 00:00:00</subfield>
    <subfield code="s">2022-04-18</subfield>
    <subfield code="v">475.00</subfield>
    <subfield code="w">2022-03-05</subfield>
    <subfield code="y">REF</subfield>
  </datafield>
</record>
